000 01480nam a2200349 i 4500
003 EG-GICUC
005 20260121101702.0
008 260108s1994 ua ||||fr|||| 00| 0 ara d
017 _a٩٤/٤٠٦٤
020 _a977-00 -68977
040 _a EG-GICUC
_bara
_c EG-GICUC
_d EG-GICUC
_erda
041 0 _aara
082 0 4 _221
_a345.4551
_bخ ا . م
092 0 4 _221
099 _aLaw1 07 345.4551 خ ا . م 1 ed - 1994
100 0 _aخالد عبد الفتاح محمد
_eمؤلف.
245 1 0 _aموسوعة المبادئ القانونية التي قررتها المحكمة الادارية العليا :
_bفي التأديب من عام ۱۹۸۱ - ۱۹۸۹ /
_cدكتور خالد عبد الفتاح محمد.
250 _aالطبعة الأولى
264 3 _aالقاهرة :
_bمطبعة أبناء وهبه محمد حسان،
_c1994.
300 _a907 ؛صفحة
_c24 سم.
336 _2rda content
_atext
337 _2rda media
_aComputer
338 _2rda carrier
_aOnline Resource
504 _aيشتمل على إرجاعات ببليوجرافية.
546 _aالنص أغلبه باللغة العربية مع بعض النصوص الفرنسية
650 1 4 _aالمحكمة الإدارية العليا
650 1 4 _aتاديب العاملين بالقطاع العام
650 1 4 _aالقانون الإداري
856 4 0 _uhttps://fll.law.cu.edu.eg/fulltext/bks/B07-01630.pdf
905 _a32
942 _2ddc
_cBK
_e21
_n0
999 _c55505
_d55505